000
00212 a2200097 4500
001
11800
100
_a
Hoskyns, C.
245
_a
Chatham house memorandr
260
_a
_b
Oxford University
_c
090
_c
9056
_d
9056
942
_a
NUST-CAE
_c
M
_c
35885
999
_c
246873
_d
246873